| 000 | 00986cam a2200313 a 4500 | ||
|---|---|---|---|
| 999 |
_c8042 _d8042 |
||
| 001 | 215268 | ||
| 003 | GBCCL | ||
| 005 | 20241126110642.0 | ||
| 008 | 971119s1998 miu b 001 0 eng | ||
| 010 | _a 97043975 | ||
| 020 | _a0800792602 (pbk.) | ||
| 020 | _a9780800792602 (pbk.) | ||
| 035 | _a(OCoLC)ocm38030159 | ||
| 035 | _a(OCoLC)38030159 | ||
| 040 |
_aDLC _cDLC _dBAKER _dBTCTA _dYDXCP _dLBB |
||
| 049 | _aLBBK | ||
| 050 | 0 | 0 |
_aBV873.E8 _bP75 1998 |
| 082 | 0 | 0 |
_a265.94 _221 _bPRI |
| 090 |
_aBV873.E8 _bP75 1998 |
||
| 100 | 1 |
_aPrince, Derek. _97775 |
|
| 245 | 1 | 0 |
_aThey shall expel demons : _bwhat you need to know about demons--your invisible enemies / _cDerek Prince. |
| 260 |
_aNew Zealand : _bDerekprince ministries, _c2006 |
||
| 300 |
_a306 p. ; _c22 cm. |
||
| 504 | _aIncludes bibliographical references (p. 249) and index. | ||
| 520 | _aChristian Library of Lancaster Collection. | ||
| 650 | 0 |
_aExorcism. _93942 |
|
| 650 | 0 |
_aDemonology. _9343 |
|
| 942 |
_2ddc _cBK _05 |
||